Loading...
| Mythology | 0 | 6 | 0 | 0 | 60 | 15 | 61.00 | 3 | 6 | 28.63 | 42.92 |
| Science - Physics | 0 | 4 | 1 | 0 | 35 | 39 | 84.75 | 2 | 4 | 11.03 | 26.67 |
| History - Other | 0 | 3 | 0 | 0 | 30 | 70 | 95.33 | 1 | 3 | 7.21 | 18.33 |
| Science - Other | 0 | 3 | 0 | 1 | 30 | 80 | 107.33 | 0 | 3 | 3.96 | 15.83 |
| Science - Chemistry | 0 | 3 | 1 | 0 | 25 | 30 | 58.67 | 2 | 3 | 12.64 | 23.33 |
| Science - Biology | 0 | 1 | 0 | 0 | 10 | 79 | 79.00 | 1 | 1 | 3.23 | 8.33 |
| Philosophy | 0 | 1 | 0 | 0 | 10 | 105 | 105.00 | 0 | 1 | 1.95 | 6.67 |
| Literature - European | 0 | 1 | 0 | 1 | 10 | 148 | 148.00 | 0 | 1 | 0.00 | 1.67 |
| Other Academic | 0 | 1 | 0 | 0 | 10 | 106 | 106.00 | 0 | 1 | 7.35 | 20.00 |
| Fine Arts - Other | 0 | 1 | 0 | 0 | 10 | 71 | 71.00 | 1 | 1 | 3.82 | 8.33 |
| Religion | 0 | 1 | 0 | 0 | 10 | 89 | 89.00 | 0 | 1 | 2.67 | 6.25 |